• 首页
  • 本馆介绍
  • 公告通知
  • 最新文献
  • 馆藏检索
  • 电子资源
  • 读者导购
  • 参考咨询
  • 我的图书馆
  • 登录
  • 详细信息显示
  • 放入我的书架
  • 预约/预借图书
  • 作者相关作品
  • 分类相关作品
  • 丛书相关作品
  • 出版社相关作品

书目信息

  • 表格格式
  • 工作单格式
  • 卡片格式
题名:
40条发明创造原理及其应用
    
 
作者: 赵新军,孙晓枫编著
分册:  
出版信息: 北京   中国科学技术出版社  2014
页数: 216页
开本: 24cm
丛书名: 技术创新方法培训丛书
单 册:
中图分类: N19 , N19-49
科图分类:
主题词: 创造发明--普及读物
电子资源:
ISBN: 978-7-5046-6698-7
000 01077nam0 2200325 450
001 3107
001 01CN11301964@CSLN
005 20161208081613.48
010   @a978-7-5046-6698-7@dCNY48.00
090   @aN1@bzxj
096   @aN1@bzxj
100   @a20150507d2014 em y0chiy50 ea
101 0 @achi
102   @aCN@b110000
105   @ay z 000yy
106   @ar
200 1 @a40条发明创造原理及其应用@940 tiao fa ming chuang zao yuan li ji qi ying yong@b专著@f赵新军,孙晓枫编著
210   @a北京@c中国科学技术出版社@d2014
215   @a216页@d24cm
225 2 @a技术创新方法培训丛书
300   @a中国科协创新方法工作专项资助
330   @a本书结合近几年TRIZ的发展和大量实际应用案例,重点论述了TRIZ中的40条发明创造原理的基本思想和在其他11个领域或行业的应用分析。
461  0 @12001 @a技术创新方法培训丛书
606 0 @a创造发明@j普及读物
690   @aN19@v5
690    @aN19-49@v4
701    @a@a赵新军@c(技术创新)@9zhao xin jun@4编著
701    @a@a孙晓枫@9sun xiao feng@4编著
801  0 @aCN@b大连网信软件有限公司图书馆·11@c20161208
905    @aZUCC@dN19@e106
    
    40条发明创造原理及其应用/赵新军,孙晓枫编著.-北京:中国科学技术出版社,2014
    216页;24cm.-(技术创新方法培训丛书)
    中国科协创新方法工作专项资助
    
    ISBN 978-7-5046-6698-7:CNY48.00
    本书结合近几年TRIZ的发展和大量实际应用案例,重点论述了TRIZ中的40条发明创造原理的基本思想和在其他11个领域或行业的应用分析。
●
相关链接 在E读中查询图书 在五车中查询图书 在当当中查询图书 在豆瓣中查询图书


正题名:40条发明创造原理及其应用     索取号:N19/106         预约/预借

序号 登录号 条形码 馆藏地/架位号 状态 备注
1 912140   209121403   第二样本阅览室/ [索取号:N19/106] 在馆    
2 912141   209121412   第三借阅区/ [索取号:N19/106] 在馆    
3 912142   209121421   第三借阅区/ [索取号:N19/106] 在馆    
4 912143   209121430   第三借阅区/ [索取号:N19/106] 在馆    
唐山师范学院图书馆 欢迎您!
大连网信软件有限公司© 版权所有